000 01166nam a2200277 a 4500
001 000021040
005 20240520190011.0
008 100830s1987 dr ac r 000 0bspa d
040 _aDO-SdBNP
_bspa
_cBNPHU
082 _a291.092
_bA385p
100 1 _aAlfau Durán, Vetilio,
_d1909-1985
_910091
245 1 3 _aEl padre Billini /
_cVetilio Alfau Durán ; selección Monseñor Rafael Bello Peguero, Pbro. ; presentación de Juan F. Pepén Solimán.
260 _aSanto Domingo :
_bAmigo del Hogar,
_c1987.
300 _a150 p. ;
_c25 cm.
490 1 _aHombres de iglesia
_v2
500 _aIncluye datos biográficos del autor en la solapa de la cubierta.
504 _aIncluye referencias bibliográficas y notas al pie de las páginas.
590 _aInventariado, 2018 /VM
600 1 4 _aBILLINI HERNÁNDEZ, FRANCISCO JAVIER,
_cPADRE,
_d1837-1890
_944014
650 0 _aClero
_919068
650 4 _aIglesia católica
_zRepública Dominicana
_xHistoria
_9358
700 1 2 _aBello Peguero, Rafael,
_d1932-2022
_esel.
_92405
700 1 2 _aPepén Solimán, Juan F.,
_epresent.
_944015
830 0 _aHombres de iglesia
_n2
_944016
910 _aValidado. Control de calidad. EMS
999 _c20543
_d20543